| 000 | 01144cam a2200289 a 4500 | ||
|---|---|---|---|
| 999 |
_c19391 _d19391 |
||
| 001 | 15180568 | ||
| 005 | 20170116113729.0 | ||
| 008 | 080214s2009 njua b 001 0 eng | ||
| 010 | _a 2008006700 | ||
| 020 | _a9780132423847 | ||
| 020 | _a0132423847 | ||
| 035 | _a(OCoLC)ocn192109762 | ||
| 035 | _a(OCoLC)192109762 | ||
| 040 |
_aDLC _cDLC _dDLC |
||
| 050 | 0 | 0 |
_aHD57.7 _b.C545 2009 |
| 100 | 1 | _aClawson, James G. | |
| 245 | 1 | 0 |
_aLevel three leadership : _bgetting below the surface / _cJames G. Clawson. |
| 250 | _a4th ed. | ||
| 260 |
_aUpper Saddle River, N.J. : _bPearson/ Prentice Hall, _cc2009. |
||
| 300 |
_axxii, 473 p. : _bill. ; _c24 cm. |
||
| 504 | _aIncludes bibliographical references (p. 464-466) and index. | ||
| 650 | 0 | _aLeadership. | |
| 856 | 4 | 1 |
_3Table of contents only _uhttp://www.loc.gov/catdir/toc/ecip0811/2008006700.html |
| 942 |
_2lcc _cBOOKS _hHD57.7 .C545 2009 |
||